000 01536nam a22002177a 4500
999 _c62785
_d62785
003 Ge_BSU
005 20250213111715.0
008 250213s1998 ge ||||| |||| 00| 0 geo d
020 _a5511008966
041 _ageo
080 _a327(479.22)(09) ქ-32
245 _aქართული დიპლომატიის ისტორიის ნარკვევები :
_b [2 ნაწილად]. ნაწ. 1 /
_cმთ. რედ.: როინ მეტრეველი; თსუ, ქართ. სახელმწ. და სახ. დიპლომატიის ისტ. სამეცნ.-კვლევ. ცენტრი.
264 _aთბილისი :
_bთბილ. უნ-ტის გამ-ბა,
_c1998.
300 _a551 გვ.;
_b20 სმ.
500 _aპარალ. თავფურც. ინგლ. ენ.
504 _aბიბლიოგრაფია ტექსტის შენიშვნებში.
653 _aქართული დიპლომატიის ისტორია
700 _aმეტრეველი, როინ
_eრედაქტორი.
_924352
710 _aთბილისის სახელმწიფო უნივერსიტეტი.
_b ქართული სახელმწიფო და სახალხო დიპლომატიის ისტორიის სამეცნიერო-კვლევითი ცენტრი.
_91063
942 _2udc
_cᲬᲘᲒᲜᲘ